01322cam a2200337 4500001001300000003000400013005001700017007001500034007001500049007001500064008004100079010001700120040001900137043001200156050001600168051010300184100003400287245007300321260004300394300004000437530007200477530006900549530006900618651004400687651002900731651004500760856006000805856005100865856005100916999001700967rc 01002923 DLC20260227111908.0cr |||||||||||cr_|||||||||||cr_|||||||||||830302s1856 vau 000 0 eng  arc 01002923  aDLCcCarPdDLC an-us-va00aF234.R5bM8 aF234.R5bM8cCopy 4. Has inscription: To the Smithsonian Institution for copyright, Sam. Mordecai.1 aMordecai, Samuel,d1786-1865.10aRichmond in by-gone days;bbeing reminiscences of an old citizen ... aRichmond, Va.,bGeorge M. West,c1856. a1 p.l., [v]-xi, [13]-321 p.c17 cm. aAlso available in digital form on the Library of Congress Web site. aAlso available in digital form on the Internet Archive Web site. aAlso available in digital form on the Internet Archive Web site. 0aRichmond (Va.)xDescription and travel. 0aRichmond (Va.)xHistory. 0aRichmond (Va.)xSocial life and customs.41dlhbcbf02923qsuhttp://hdl.loc.gov/loc.gdc/lhbcb.0292341uhttp://hdl.loc.gov/loc.gdc/scd0001.0005810313541uhttp://hdl.loc.gov/loc.gdc/scd0001.00068013938 c52456d52456